| 000 | 00514nam a2200181Ia 4500 | ||
|---|---|---|---|
| 003 | GCL | ||
| 008 | 140319s9999 xx 000 0 ara d | ||
| 040 |
_aGCL / _cGCL |
||
| 082 | 0 | 4 |
_a818 _bا ح |
| 100 | 1 | _aاحمد ماهر محمود البقرى | |
| 245 | 1 | 0 |
_aحواء فى كلمات : وخواطر اخرى / _cاحمد ماهر محمود البقرى |
| 300 | _a222 ص | ||
| 490 | _a | ||
| 650 | 0 | 4 | _aالادب |
| 650 | 0 | 4 | _aالادب - مجموعات |
| 650 | 0 | 4 | _aالخواطر |
| 942 |
_2ddc _cBK |
||
| 999 |
_c46329 _d46329 |
||